000 01350nam a2200337 c 4500
003 BLK
005 20240308131253.0
008 180407b bul|||||r ||||||| ||bul||
010 _aKNG00032377000
020 _a954-8150-58-1
_bиздат.: Сиби
040 _aBLK
041 _aBUL
_cBUL
080 _aТрудово право. Вж и 331
_b349.2
_x(075.8)
_z349.2(075.8)
100 1 _aСредкова, Красимира
_eпърви автор
_9248842
700 1 _aИванова, Красимира Средкова
_e*
_9366461
139 _aСредкова, Красимира
_bС 60
245 1 0 _aРъководство за практическа подготовка по трудово право
_cКрасимира Средкова; * Красимира Средкова Иванова.
257 _aBGR
260 София
_bСиби
_c1996
_fСофия : Симолини
300 _a392 с.
_c20 см
380 _a3
500 _aПълното име на авт. е Красимира Средкова Иванова
650 7 _aТрудово право
_2
_9174144
653 _aтрудово право
852 _aЦб 192404
856 4 _qpdf
_u
856 4 _qpdf
_u
942 _cKNG
_n0
944 _aCR
_c14.03.2003
_k30560
_lГеновева Генчева
944 _aED
_c13.07.2004
_k
999 _c29752
_d29752